Confronting disasters: (Record no. 29799)

MARC details
000 -LEADER
fixed length control field 00897nam a2200229 4500
005 - DATE AND TIME OF LATEST TRANSACTION
control field 20090829135936.0
008 - FIXED-LENGTH DATA ELEMENTS--GENERAL INFORMATION
fixed length control field 700514s1968 enka | 00| 1 eng
010 ## - LCCN (DPL NO)
LC control number ENG-94987
020 ## - INTERNATIONAL STANDARD BOOK NUMBER
Terms of availability 120.00
International Standard Book Number 8189312049
035 ## - SYSTEM CONTROL NUMBER
System control number EN-78520
037 ## - SOURCE OF ACQUISITION
Source of stock number/acquisition DBAD / PUB
040 ## - CATALOGING SOURCE
Original cataloging agency dpl
Language of cataloging English
082 ## - DEWEY DECIMAL CLASSIFICATION NUMBER
Classification number 363.34
245 ## - TITLE STATEMENT
Title Confronting disasters:
Statement of responsibility, etc compiled by S.P. Udayakumar
Remainder of title a holistic approach /
260 ## - PUBLICATION, DISTRIBUTION, ETC. (IMPRINT)
Place of publication, distribution, etc Nagercoil
Name of publisher, distributor, etc Transcend South Asia
Date of publication, distribution, etc 2009
270 ## - ADDRESS
Address 42/27, Esankai Mani Veethy, Parakkai Road, Junction
City Nagercoil
Postal code 629002
300 ## - PHYSICAL DESCRIPTION
Extent 167p.
Dimensions 22cm (pbk)
500 ## - GENERAL NOTE
General note Includes bibliographical references
700 ## - ADDED ENTRY--PERSONAL NAME
Personal name Udayakumar, S.P.
942 ## - ADDED ENTRY ELEMENTS (KOHA)
Source of classification or shelving scheme Dewey Decimal Classification
Item type English Books
Call number suffix CON
Classification part 363.34
Holdings
Withdrawn status Lost status Source of classification or shelving scheme Damaged status Not for loan Collection code Home library Current library Date acquired Source of acquisition Cost, normal purchase price Total Checkouts Full call number Barcode Date last seen Copy number Cost, replacement price Koha item type
    Dewey Decimal Classification   Not For Loan Non-fiction D.B.Act.Division D.B.Act.Division 29/08/2009 DBAD / PUB 120.00   363.34 CON EN-78520 29/08/2009 1 120.00 English Books

© Delhi Public Library
Hit Counter
free hit counter